000 00547nam a2200193Ia 4500
005 20260120132123.0
008 008 260114s9999 xx 000 0 eng d
020 _a9780197706145
037 _aEBOOK
040 _aCRL
_beng
_cCRL
041 _aeng
_2eng
084 _qCRL
100 _aTraboulsi
_9935181
245 2 _aA Compendium of Inherited Disorders and the Eye
260 _bOxford University PressOxford University Press
_c2023
856 _uhttps://academic.oup.com/book/50757
942 _cEBOOK
999 _c1527104
_d1527104